Giáo trình tác phẩm báo chí đại cương
Trình bày những kiến thức cơ bản về tác phẩm báo chí như: khái niệm, chức năng, giá trị sử dụng trong đời sống xã hội, vấn đề bản quyền. Phân tích các yếu tố cấu thành một tác phẩm báo chí: nội dung, hình thức và quy trình sáng tạo tác phẩm báo chí...
Đã lưu trong:
| Príomhúdar: | |
|---|---|
| Údair Eile: | |
| Formáid: | Leabhar |
| Teanga: | Vietnamese |
| Foilsithe: |
H.
Giáo dục
2012
|
| Eagrán: | Tái bản lần thứ 1 |
| Ábhair: | |
| Clibeanna: |
Cuir Clib Leis
Gan Chlibeanna, Bí ar an gcéad duine leis an taifead seo a chlibeáil!
|
| Thư viện lưu trữ: | Mạng thư viện Đại học Đà Nẵng |
|---|
| LEADER | 01606aam a22003738a 4500 | ||
|---|---|---|---|
| 001 | 000018231 | ||
| 003 | 14658 | ||
| 005 | 20131004161043.0 | ||
| 008 | 130925s2012 viesd | ||
| 020 | |c 25000đ |d 1000b | ||
| 041 | 0 | |a vie | |
| 082 | 1 | 4 | |2 14 |a 070.4 |b NG-T |
| 100 | 1 | |a Nguyễn Thị Thoa | |
| 245 | 1 | 0 | |a Giáo trình tác phẩm báo chí đại cương |c Nguyễn Thị Thoa (ch.b.), Nguyễn Thị Hằng Thu |
| 250 | |a Tái bản lần thứ 1 | ||
| 260 | |a H. |b Giáo dục |c 2012 | ||
| 300 | |a 147 tr. |b minh hoạ |c 24 cm. | ||
| 504 | |a Phụ lục: tr. 109-139. - Thư mục: tr. 140-143 | ||
| 520 | |a Trình bày những kiến thức cơ bản về tác phẩm báo chí như: khái niệm, chức năng, giá trị sử dụng trong đời sống xã hội, vấn đề bản quyền. Phân tích các yếu tố cấu thành một tác phẩm báo chí: nội dung, hình thức và quy trình sáng tạo tác phẩm báo chí | ||
| 650 | 0 | 4 | |2 Bộ TK TVQG |a Báo chí Việt Nam |x Tác phẩm |
| 650 | 7 | |2 Bộ TK TVQG | |
| 653 | |a Báo chí | ||
| 655 | 7 | |2 Bộ TK TVQG |a Giáo trình | |
| 700 | 1 | |a Nguyễn Thị Hằng Thu | |
| OWN | |a LSP | ||
| AVA | |a UDN50 |b LSP |d 070.4 NG-T |e check_holdings |t Error 5003 Not defined in file expand_doc_bib_avail. |h N |k 1 | ||
| 999 | |a From the UDN01 | ||
| AVA | |a UDN50 |b LSP |d 070.4 NG-T |e available |t Error 5001 Not defined in file expand_doc_bib_avail. |f 20 |g 1 |h N |i 78 |k 1 | ||
| TYP | |a Monograph | ||
| TYP | |a Printed language | ||
| 980 | |a Mạng thư viện Đại học Đà Nẵng | ||